A pocket-book for mechanical engineers (Record no. 61423)
[ view plain ]
| 000 -LEADER | |
|---|---|
| fixed length control field | 00798nam a22001817a 4500 |
| 003 - CONTROL NUMBER IDENTIFIER | |
| control field | NUST-PNEC |
| 005 - DATE AND TIME OF LATEST TRANSACTION | |
| control field | 20170116180722.0 |
| 008 - FIXED-LENGTH DATA ELEMENTS--GENERAL INFORMATION | |
| fixed length control field | 141027b xxu||||| |||| 00| 0 eng d |
| 040 ## - CATALOGING SOURCE | |
| Transcribing agency | PNEC |
| 082 ## - DEWEY DECIMAL CLASSIFICATION NUMBER | |
| Classification number | 621.02 LOW |
| 100 ## - MAIN ENTRY--PERSONAL NAME | |
| 9 (RLIN) | 840 |
| Personal name | Low David Allan |
| 245 ## - TITLE STATEMENT | |
| Title | A pocket-book for mechanical engineers |
| Statement of responsibility, etc. | David Allan Low |
| 260 ## - PUBLICATION, DISTRIBUTION, ETC. | |
| Place of publication, distribution, etc. | London, New York, Bombay, |
| Name of publisher, distributor, etc. | Longmans, Green and Co., |
| Date of publication, distribution, etc. | c.1898. |
| 300 ## - PHYSICAL DESCRIPTION | |
| Extent | vii, [1], 740 pages |
| Other physical details | tables, diagrams |
| Dimensions | 16 cm |
| 500 ## - GENERAL NOTE | |
| General note | https://www.worldcat.org/title/pocket-book-for-mechanical-engineers/oclc/16359197&referer=brief_results http://www.amazon.com/POCKET-BOOK-FOR-MECHANICAL-ENGINEERS/dp/B00A27SI5A/ref=sr_1_2?ie=UTF8&qid=1414398321&sr=8-2&keywords=pocket+book+for+mechanical+engineer+by+david+allan+low |
| 650 ## - SUBJECT ADDED ENTRY--TOPICAL TERM | |
| General subdivision | ME |
| 942 ## - ADDED ENTRY ELEMENTS (KOHA) | |
| Source of classification or shelving scheme | |
| Koha item type | Book |
| Withdrawn status | Lost status | Source of classification or shelving scheme | Damaged status | Not for loan | Permanent Location | Current Location | Shelving location | Date acquired | Source of acquisition | Cost, normal purchase price | Total Checkouts | Full call number | Barcode | Date last seen | Cost, replacement price | Price effective from | Koha item type |
|---|---|---|---|---|---|---|---|---|---|---|---|---|---|---|---|---|---|
| Pakistan Navy Engineering College (PNEC) | Pakistan Navy Engineering College (PNEC) | Reference | - | 0.00 | 621.02 LOW | PNECLIB-001296 | 10/27/2014 | 0.00 | Book |
